[Event "St Petersburg-ch sf"]
[Site "St Petersburg"]
[Date "2007.02.18"]
[Round "9"]
[White "Serov, Maksim"]
[Black "Ubykin, Vladimir"]
[Result "1-0"]
[WhiteElo "2275"]
[BlackElo "2126"]
[PlyCount "77"]
[EventDate "2007.02.10"]
[EventType "swiss"]
[EventRounds "9"]
[EventCountry "RUS"]
[SourceTitle "EXT 2008"]
[Source "ChessBase"]
[SourceDate "2007.11.25"]
[SourceVersion "1"]
[SourceVersionDate "2007.11.25"]
[SourceQuality "1"]

1. d4 e6 2. c4 d5 3. Nf3 Nf6 4. g3 Nbd7 5. Nbd2 Be7 6. Bg2 0-0 7. Qc2 b6 8. e4 dxe4 9. Nxe4 Bb7 10. Nxf6+ Nxf6 11. 0-0 Qc8 12. Re1 Re8 13. b3 c5 14. Bb2 cxd4 15. Bxd4 Qc6 16. Nh4 Qc8 17. Qe2 Bxg2 18. Kxg2 Nd7 19. Nf3 Bb4 20. Red1 Qc6 21. Kg1 f6 22. Bb2 e5 23. Rd5 Be7 24. Nh4 Qe6 25. Ng2 Rad8 26. Ne3 Nf8 27. Rad1 Rxd5 28. cxd5 Qf7 29. Nf5 Bc5 30. Qg4 Kh8 31. b4 Be7 32. d6 Bd8 33. d7 Re6 34. Nd6 Qe7 35. Nf5 Qf7 36. Qe4 g6 37. Qa8 gxf5 38. Qxd8 Kg7 39. Qc8 1-0

[Event "St Petersburg-ch sf"]
[Site "St Petersburg"]
[Date "2007.02.14"]
[Round "5"]
[White "Ubykin, Vladimir"]
[Black "Sokolov, Anatoly V"]
[Result "1/2-1/2"]
[WhiteElo "2126"]
[BlackElo "2124"]
[PlyCount "57"]
[EventDate "2007.02.10"]
[EventType "swiss"]
[EventRounds "9"]
[EventCountry "RUS"]
[SourceTitle "EXT 2008"]
[Source "ChessBase"]
[SourceDate "2007.11.25"]
[SourceVersion "1"]
[SourceVersionDate "2007.11.25"]
[SourceQuality "1"]

1. e4 c5 2. Nc3 Nc6 3. d3 g6 4. g3 Bg7 5. Bg2 d6 6. Nge2 Nf6 7. 0-0 0-0 8. Bd2 Nd4 9. Nxd4 cxd4 10. Ne2 Qb6 11. Rb1 Nh5 12. c3 Qa6 13. Nxd4 Qxd3 14. Be3 Qa6 15. a3 Nf6 16. Qd2 Ng4 17. Rfe1 Bd7 18. h3 Nxe3 19. Qxe3 Rac8 20. Rbd1 Qb6 21. Rd2 Rc5 22. Ne2 Qb3 23. Nd4 Qb6 24. Ne2 Qa6 25. Nd4 Rh5 26. g4 Rc5 27. Nb3 Rc7 28. Nd4 e5 29. Nc2 1/2-1/2

[Event "St Petersburg-ch sf"]
[Site "St Petersburg"]
[Date "2007.02.12"]
[Round "3"]
[White "Kulikov, Evgeny"]
[Black "Ubykin, Vladimir"]
[Result "1-0"]
[WhiteElo "2260"]
[BlackElo "2126"]
[PlyCount "131"]
[EventDate "2007.02.10"]
[EventType "swiss"]
[EventRounds "9"]
[EventCountry "RUS"]
[SourceTitle "EXT 2008"]
[Source "ChessBase"]
[SourceDate "2007.11.25"]
[SourceVersion "1"]
[SourceVersionDate "2007.11.25"]
[SourceQuality "1"]

1. e4 e6 2. d4 d5 3. Nc3 dxe4 4. Nxe4 Be7 5. Nf3 Nf6 6. Bd3 Nbd7 7. Qe2 Nxe4 8. Qxe4 Nf6 9. Qh4 c5 10. dxc5 Qa5+ 11. b4 Qd8 12. Bb2 Nd5 13. Qg4 Bf6 14. Bxf6 Qxf6 15. 0-0 0-0 16. Rfe1 a5 17. b5 g6 18. Ne5 Rd8 19. g3 Bd7 20. c4 Ne7 21. Qe4 Rab8 22. Rad1 Be8 23. Bf1 Nf5 24. Ng4 Qc3 25. Bg2 Rdc8 26. Rd3 Qb2 27. Qf4 h5 28. Ne5 Qb4 29. Red1 Qxc5 30. Nd7 Bxd7 31. Rxd7 b6 32. Bc6 Rf8 33. h3 Kg7 34. g4 hxg4 35. hxg4 Ne7 36. Bg2 g5 37. Qe4 Ng6 38. Qxe6 Nf4 39. Qe7 Qxe7 40. Rxe7 Nxg2 41. Kxg2 Rfd8 42. Rdd7 Rxd7 43. Rxd7 Rc8 44. Rd4 Kf6 45. Kf3 Ke5 46. Ke3 f6 47. Rd5+ Ke6 48. Kd4 Re8 49. a4 Re7 50. Rd8 Rc7 51. Rd5 Re7 52. f3 Re8 53. c5 bxc5+ 54. Rxc5 Rd8+ 55. Ke4 Rd1 56. Rc6+ Ke7 57. Ra6 Re1+ 58. Kd4 Rf1 59. Rxa5 Rxf3 60. Kd5 Rd3+ 61. Kc6 Rc3+ 62. Kb7 Rc4 63. b6 Kd6 64. Ka7 Kc6 65. b7 Kc7 66. b8Q+ 1-0